LEADER 02701nam 2200445 450 001 9910583303303321 005 20200721073149.1 010 $a0-12-809950-X 035 $a(CKB)3710000000892325 035 $a(CaSebORM)9780128099506 035 $a(MiAaPQ)EBC4698163 035 $a(PPN)197277411 035 $a(EXLCZ)993710000000892325 100 $a20161011h20172017 uy 0 101 0 $aeng 135 $aurcnu|||||||| 181 $2rdacontent 182 $2rdamedia 183 $2rdacarrier 200 10$aIntegrating Python with leading computer forensics platforms /$fChet Hosmer 205 $a1st edition 210 1$aAmsterdam, [Netherlands] :$cSyngress,$d2017. 210 4$dİ2017 215 $a1 online resource (218 pages) $cillustrations, photographs 311 $a0-12-809949-6 320 $aIncludes bibliographical references at the end of each chapters and index. 330 $aIntegrating Python with Leading Computer Forensic Platforms takes a definitive look at how and why the integration of Python advances the field of digital forensics. In addition, the book includes practical, never seen Python examples that can be immediately put to use. Noted author Chet Hosmer demonstrates how to extend four key Forensic Platforms using Python, including EnCase by Guidance Software, MPE+ by AccessData, The Open Source Autopsy/SleuthKit by Brian Carrier and WetStone Technologies, and Live Acquisition and Triage Tool US-LATT. This book is for practitioners, forensic investigators, educators, students, private investigators, or anyone advancing digital forensics for investigating cybercrime. Additionally, the open source availability of the examples allows for sharing and growth within the industry. This book is the first to provide details on how to directly integrate Python into key forensic platforms. Provides hands-on tools, code samples, detailed instruction, and documentation that can be immediately put to use Shows how to integrate Python with popular digital forensic platforms, including EnCase, MPE+, The Open Source Autopsy/SleuthKit, and US-LATT Presents complete coverage of how to use Open Source Python scripts to extend and modify popular digital forensic Platforms 606 $aPython (Computer program language) 606 $aComputer crimes$xInvestigation 615 0$aPython (Computer program language) 615 0$aComputer crimes$xInvestigation. 676 $a005.133 700 $aHosmer$b Chet$0865893 801 0$bMiAaPQ 801 1$bMiAaPQ 801 2$bMiAaPQ 906 $aBOOK 912 $a9910583303303321 996 $aIntegrating Python with leading computer forensics platforms$92156294 997 $aUNINA LEADER 03919nam 22007215 450 001 9910144620403321 005 20251117004508.0 010 $a3-540-45225-7 024 7 $a10.1007/b93845 035 $a(CKB)1000000000230842 035 $a(SSID)ssj0000325391 035 $a(PQKBManifestationID)11251541 035 $a(PQKBTitleCode)TC0000325391 035 $a(PQKBWorkID)10323855 035 $a(PQKB)10273415 035 $a(DE-He213)978-3-540-45225-6 035 $a(MiAaPQ)EBC5592129 035 $a(PPN)238091899 035 $a(EXLCZ)991000000000230842 100 $a20121227d2003 u| 0 101 0 $aeng 135 $aurnn|008mamaa 181 $ctxt 182 $cc 183 $acr 200 10$aOperator Functions and Localization of Spectra /$fby Michael I. Gil 205 $a1st ed. 2003. 210 1$aBerlin, Heidelberg :$cSpringer Berlin Heidelberg :$cImprint: Springer,$d2003. 215 $a1 online resource (XIV, 262 p.) 225 1 $aLecture Notes in Mathematics,$x0075-8434 ;$v1830 300 $aBibliographic Level Mode of Issuance: Monograph 311 08$a3-540-20246-3 320 $aIncludes bibliographical references and index. 327 $aPreface -- Preliminaries -- Norms of Matrix-Valued Functions -- Invertibility of Finite Matrices -- Localization of Eigenvalues of Finite Matrices -- Block Matrices and pi-triangular Matrices -- Norm Estimates for Functions -- Functions of Non-Compact Operators -- Bounded Perturbations of Nonself-Adjoint Operators -- Spectrum Localization of Nonself-Adjoint Operators -- Multiplicative Representations of Resolvents -- Relatively $P$-triangular Operators -- Relatively Compact Perturbations of Normal Operators -- Infinite Matrices in Hilbert Spaces and Differential Operators -- Integral Operators in L2 -- Operator Matrices -- Hille - Tamarkin Integral Operators -- Integral Operators in L8 -- Hille - Tamarkin Matrices -- Zeros of Entire Functions -- List of Main Symbols -- Index. 330 $a"Operator Functions and Localization of Spectra" is the first book that presents a systematic exposition of bounds for the spectra of various linear nonself-adjoint operators in a Hilbert space, having discrete and continuous spectra. In particular bounds for the spectra of integral, differential and integro-differential operators, as well as finite and infinite matrices are established. The volume also presents a systematic exposition of estimates for norms of operator-valued functions and their applications. 410 0$aLecture Notes in Mathematics,$x0075-8434 ;$v1830 606 $aOperator theory 606 $aMatrix theory 606 $aAlgebra 606 $aFunctions of complex variables 606 $aIntegral equations 606 $aOperator Theory$3https://scigraph.springernature.com/ontologies/product-market-codes/M12139 606 $aLinear and Multilinear Algebras, Matrix Theory$3https://scigraph.springernature.com/ontologies/product-market-codes/M11094 606 $aFunctions of a Complex Variable$3https://scigraph.springernature.com/ontologies/product-market-codes/M12074 606 $aIntegral Equations$3https://scigraph.springernature.com/ontologies/product-market-codes/M12090 615 0$aOperator theory. 615 0$aMatrix theory. 615 0$aAlgebra. 615 0$aFunctions of complex variables. 615 0$aIntegral equations. 615 14$aOperator Theory. 615 24$aLinear and Multilinear Algebras, Matrix Theory. 615 24$aFunctions of a Complex Variable. 615 24$aIntegral Equations. 676 $a515.7246 700 $aGil?$b M. I$g(Mikhail Iosifovich),$4aut$4http://id.loc.gov/vocabulary/relators/aut$0150731 801 0$bMiAaPQ 801 1$bMiAaPQ 801 2$bMiAaPQ 906 $aBOOK 912 $a9910144620403321 996 $aOperator functions and localization of spectra$9253263 997 $aUNINA